Online
Catalog

Un funesto deseo de luz / (Record no. 18904)

MARC details
000 -CABECERA
campo de control de longitud fija 00710cam a2200217 a 4500
001 - NÚMERO DE CONTROL
campo de control 000019388
005 - FECHA Y HORA DE LA ÚLTIMA TRANSACCIÓN
campo de control 20200929170013.0
008 - DATOS DE LONGITUD FIJA--INFORMACIÓN GENERAL
campo de control de longitud fija 100628s1990 dr r 000 0 spa d
040 ## - FUENTE DE LA CATALOGACIÓN
Centro catalogador/agencia de origen DO-SdBNP
Lengua de catalogación spa
Centro/agencia transcriptor BNPHU
082 ## - NÚMERO DE LA CLASIFICACIÓN DECIMAL DEWEY
Número de clasificación E861.44
Número de documento/Ítem L864f
049 ## - FONDOS LOCALES (OCLC)
Fondos de biblioteca BNGR
100 1# - ENTRADA PRINCIPAL--NOMBRE DE PERSONA
Nombre de persona López Serrano, Francisco M.
Fechas asociadas al nombre 1960-
9 (RLIN) 41639
245 13 - MENCIÓN DE TÍTULO
Título Un funesto deseo de luz /
Mención de responsabilidad, etc. Francisco M. López Serrano.
260 ## - PUBLICACIÓN, DISTRIBUCIÓN, ETC.
Lugar de publicación, distribución, etc. Zaragoza :
Nombre del editor, distribuidor, etc. Institución el Católico,
Fecha de publicación, distribución, etc. 1990.
300 ## - DESCRIPCIÓN FÍSICA
Extensión 43 p. ;
Dimensiones 24 cm.
490 1# - MENCIÓN DE SERIE
Mención de serie San Jorge;
Designación de volumen o secuencia 60
500 ## - NOTA GENERAL
Nota general Incluye datos biográficos del autor en la solapa de la portada.
650 #4 - PUNTO DE ACCESO ADICIONAL DE MATERIA--TÉRMINO DE MATERIA
Término de materia o nombre geográfico como elemento de entrada Poesía ecuatoriana
9 (RLIN) 13387
650 #4 - PUNTO DE ACCESO ADICIONAL DE MATERIA--TÉRMINO DE MATERIA
Término de materia o nombre geográfico como elemento de entrada Literatura ecuatoriana
9 (RLIN) 3938
830 #0 - PUNTO DE ACCESO ADICIONAL DE SERIE-TÍTULO UNIFORME
Título uniforme San Jorge
Designación de volumen o secuencia 60
9 (RLIN) 14367
Holdings
Estado de retiro Estado de pérdida Restricciones de uso No para préstamo Código de colección Localización permanente Ubicación/localización actual Ubicación en estantería Fecha de adquisición Número de inventario Total de préstamos Signatura topográfica completa Código de barras Fecha visto por última vez Precio válido a partir de Tipo de ítem Koha
    Préstamo interno   Patrimonio Dominicano General General En catalogación 28.06.2010 LF1   E861.44 L864f 19388-10 25.06.2020 25.06.2020 Libro y Folleto Colección Patrimonio Dominicano

Powered by Koha